Evaluación del progreso del alumno
Sparad:
| Huvudupphovsman: | |
|---|---|
| Materialtyp: | Bok |
| Språk: | spanska |
| Publicerad: |
Buenos Aires
Librería del Colegio
1970
|
| Serie: | Nueva Pedagogía, 7
|
| Ämnen: | |
| Taggar: |
Lägg till en tagg
Inga taggar, Lägg till första taggen!
|
MARC
| LEADER | 00000nam a2200000 a 4500 | ||
|---|---|---|---|
| 001 | UCU1034 | ||
| 003 | CL-VaPUC | ||
| 008 | 960329e19700000AG |||||||||||||||||spa|d | ||
| 082 | 0 | 4 | |a 371.27 |b ROT |2 21 |
| 100 | 0 | |a Rothney, John W |e author |9 356629 | |
| 245 | 1 | 0 | |a Evaluación del progreso del alumno |
| 300 | |a 47 p | ||
| 942 | |c BK | ||
| 945 | |d 19960329 00:00:00 |a lriquelm | ||
| 260 | |a Buenos Aires |b Librería del Colegio |c 1970 | ||
| 650 | 0 | |a Evaluación de la educación |9 237505 | |
| 650 | 7 | |a MEDICION EDUCACIONAL |2 CL-VaPUC |9 343534 | |
| 650 | 7 | |a TESTS |2 CL-VaPUC |9 309359 | |
| 650 | 7 | |a RENDIMIENTO |2 CL-VaPUC |9 260872 | |
| 583 | |a last modification |c 19960329 00:00:00 |k Rodrigo Vera | ||
| 490 | 0 | |a Nueva Pedagogía, 7 | |
| 999 | |c 245805 |d 245803 | ||